000 00515nam a22002057a 4500
003 OSt
005 20241205111653.0
008 241205b |||||||| |||| 00| 0 eng d
020 _a8190228935
040 _cDDC
082 _a631.4 MAC 2005
100 _aMacself, A. J.
_919345
245 _aSoils and Fertilizers
260 _aDelhi; Satish serial publishing, 2005
300 _a225p; ill: 22cm
504 _aIndex included
650 _aSoils
_915311
650 _aFertilizers
_919346
942 _2ddc
_cO_SHELF
999 _c9493
_d9493